[Event "Blitz 2018"]
[Site "Saint-Petersburg"]
[Date "2018.12.29"]
[Round "1"]
[Board "27"]
[White "Harikrishna Pentala (IND)"]
[Black "Bocharov Dmitry (RUS)"]
[Result "0-1"]
[LiveChessVersion "1.4.8"]
[BlackElo "2517"]
[WhiteElo "2702"]

1. Nf3 {[%clk 0:03:03]} c5 {[%clk 0:03:01]} 2. c4 {[%clk 0:03:03]} Nc6
{[%clk 0:03:01]} 3. Nc3 {[%clk 0:03:04]} g6 {[%clk 0:03:00]} 4. e3
{[%clk 0:03:04]} Nf6 {[%clk 0:03:01]} 5. d4 {[%clk 0:03:06]} cxd4
{[%clk 0:03:01]} 6. exd4 {[%clk 0:03:07]} d5 {[%clk 0:03:02]} 7. cxd5
{[%clk 0:03:04]} Nxd5 {[%clk 0:03:03]} 8. Bc4 {[%clk 0:02:59]} Nb6
{[%clk 0:03:01]} 9. Bb3 {[%clk 0:02:55]} Bg7 {[%clk 0:03:02]} 10. d5
{[%clk 0:02:42]} Na5 {[%clk 0:03:01]} 11. O-O {[%clk 0:02:34]} O-O
{[%clk 0:02:59]} 12. h3 {[%clk 0:02:26]} Bf5 {[%clk 0:02:16]} 13. Re1
{[%clk 0:02:15]} Re8 {[%clk 0:01:35]} 14. Nd4 {[%clk 0:02:16]} Nxb3
{[%clk 0:01:27]} 15. axb3 {[%clk 0:02:16]} Bd7 {[%clk 0:01:08]} 16. Bg5
{[%clk 0:02:17]} Nc8 {[%clk 0:01:03]} 17. Ne4 {[%clk 0:02:10]} h6
{[%clk 0:01:03]} 18. Bh4 {[%clk 0:02:11]} g5 {[%clk 0:01:01]} 19. Bg3
{[%clk 0:02:06]} Qb6 {[%clk 0:01:01]} 20. Nf3 {[%clk 0:01:58]} f5
{[%clk 0:00:57]} 21. Ned2 {[%clk 0:01:43]} f4 {[%clk 0:00:55]} 22. Nc4
{[%clk 0:01:44]} Qc5 {[%clk 0:00:44]} 23. Bh2 {[%clk 0:01:39]} Nb6
{[%clk 0:00:32]} 24. Nce5 {[%clk 0:00:58]} Bf5 {[%clk 0:00:27]} 25. h4
{[%clk 0:00:59]} g4 {[%clk 0:00:15]} 26. Nd4 {[%clk 0:00:56]} g3 {[%clk 0:00:14]}
27. fxg3 {[%clk 0:00:33]} fxg3 {[%clk 0:00:13]} 28. Bxg3 {[%clk 0:00:33]} Bh7
{[%clk 0:00:11]} 29. Nef3 {[%clk 0:00:23]} Nxd5 {[%clk 0:00:07]} 30. Be5
{[%clk 0:00:24]} Nf6 {[%clk 0:00:06]} 31. Rc1 {[%clk 0:00:16]} Qd5
{[%clk 0:00:07]} 32. Qe2 {[%clk 0:00:13]} Rad8 {[%clk 0:00:07]} 33. Bc7
{[%clk 0:00:12]} Rd7 {[%clk 0:00:07]} 34. Ne6 {[%clk 0:00:13]} Bh8
{[%clk 0:00:06]} 35. Rcd1 {[%clk 0:00:14]} Qh5 {[%clk 0:00:06]} 36. Rxd7
{[%clk 0:00:14]} Qf7 {[%clk 0:00:08]} 37. Ne5 {[%clk 0:00:03]} Qxe6
{[%clk 0:00:07]} 38. Rf1 {[%clk 0:00:04]} 0-1

[Event "Blitz 2018"]
[Site "Saint-Petersburg"]
[Date "2018.12.29"]
[Round "1"]
[Board "28"]
[White "Tregubov Pavel V. (RUS)"]
[Black "Petrosian Tigran L. (ARM)"]
[Result "0-1"]
[LiveChessVersion "1.4.8"]
[BlackElo "2700"]
[WhiteElo "2516"]

1. d4 {[%clk 0:03:03]} d6 {[%clk 0:03:04]} 2. Nf3 {[%clk 0:03:03]} Bg4
{[%clk 0:03:05]} 3. e4 {[%clk 0:03:04]} e6 {[%clk 0:03:06]} 4. Nc3
{[%clk 0:03:04]} Be7 {[%clk 0:03:06]} 5. h3 {[%clk 0:03:04]} Bh5 {[%clk 0:03:08]}
6. d5 {[%clk 0:02:55]} e5 {[%clk 0:02:43]} 7. g4 {[%clk 0:02:53]} Bg6
{[%clk 0:02:45]} 8. h4 {[%clk 0:02:51]} h6 {[%clk 0:02:40]} 9. h5
{[%clk 0:02:41]} Bh7 {[%clk 0:02:42]} 10. Be3 {[%clk 0:02:41]} Nf6
{[%clk 0:02:37]} 11. Nd2 {[%clk 0:02:40]} Nfd7 {[%clk 0:02:37]} 12. Qf3
{[%clk 0:02:29]} Bg5 {[%clk 0:02:37]} 13. O-O-O {[%clk 0:02:26]} a6
{[%clk 0:02:23]} 14. Ne2 {[%clk 0:02:19]} Qf6 {[%clk 0:02:18]} 15. Bxg5
{[%clk 0:02:05]} Qxf3 {[%clk 0:01:54]} 16. Nxf3 {[%clk 0:02:06]} Bxe4
{[%clk 0:01:55]} 17. Bxh6 {[%clk 0:01:46]} gxh6 {[%clk 0:01:47]} 18. Bg2
{[%clk 0:01:32]} Nf6 {[%clk 0:01:37]} 19. Nc3 {[%clk 0:01:33]} Bxf3
{[%clk 0:01:15]} 20. Bxf3 {[%clk 0:01:34]} Nbd7 {[%clk 0:01:16]} 21. Rhg1
{[%clk 0:01:20]} Ke7 {[%clk 0:01:11]} 22. Be4 {[%clk 0:01:16]} b5
{[%clk 0:00:48]} 23. f3 {[%clk 0:01:14]} Nb6 {[%clk 0:00:46]} 24. Ne2
{[%clk 0:01:12]} Rag8 {[%clk 0:00:44]} 25. Ng3 {[%clk 0:01:11]} Kd8
{[%clk 0:00:43]} 26. Nf5 {[%clk 0:01:10]} Rg5 {[%clk 0:00:43]} 27. b3
{[%clk 0:01:07]} Nbd7 {[%clk 0:00:43]} 28. c3 {[%clk 0:00:48]} Nxe4
{[%clk 0:00:44]} 29. fxe4 {[%clk 0:00:48]} Nf6 {[%clk 0:00:46]} 30. Ne3
{[%clk 0:00:36]} Rhg8 {[%clk 0:00:40]} 31. Rdf1 {[%clk 0:00:36]} Nxg4
{[%clk 0:00:40]} 32. Nxg4 Rxg4 33. Rxg4 {[%clk 0:00:35]} Rxg4 {[%clk 0:00:43]}
34. Rxf7 {[%clk 0:00:35]} Rh4 {[%clk 0:00:38]} 35. Rf8+ {[%clk 0:00:36]} Ke7
{[%clk 0:00:36]} 36. Ra8 {[%clk 0:00:37]} Rxh5 {[%clk 0:00:36]} 37. Rxa6
{[%clk 0:00:38]} Rh2 {[%clk 0:00:29]} 38. a4 {[%clk 0:00:35]} bxa4
{[%clk 0:00:30]} 39. bxa4 {[%clk 0:00:37]} h5 {[%clk 0:00:30]} 40. Ra7
{[%clk 0:00:36]} h4 {[%clk 0:00:23]} 41. Rxc7+ {[%clk 0:00:35]} Kf6
{[%clk 0:00:25]} 42. Rh7 {[%clk 0:00:26]} Kg5 43. a5 Ra2 {[%clk 0:00:22]} 44.
Rg7+ {[%clk 0:00:25]} Kf4 {[%clk 0:00:23]} 45. Rh7 {[%clk 0:00:26]} Kg3
{[%clk 0:00:23]} 46. Rg7+ {[%clk 0:00:27]} Kf3 {[%clk 0:00:22]} 47. Rh7
{[%clk 0:00:28]} Kxe4 {[%clk 0:00:14]} 48. c4 {[%clk 0:00:28]} Kd3
{[%clk 0:00:11]} 49. Rxh4 {[%clk 0:00:27]} e4 {[%clk 0:00:13]} 50. c5
{[%clk 0:00:12]} Rc2+ {[%clk 0:00:13]} 51. Kb1 {[%clk 0:00:05]} Rxc5
{[%clk 0:00:14]} 52. Rh6 {[%clk 0:00:04]} Rxd5 {[%clk 0:00:13]} 53. a6
{[%clk 0:00:05]} e3 {[%clk 0:00:11]} 54. a7 {[%clk 0:00:06]} e2 {[%clk 0:00:05]}
55. Re6 {[%clk 0:00:07]} Rb5+ {[%clk 0:00:05]} 56. Kc1 {[%clk 0:00:07]} Rc5+
{[%clk 0:00:04]} 57. Kb2 {[%clk 0:00:08]} Rb5+ {[%clk 0:00:04]} 58. Kc1
{[%clk 0:00:09]} Ra5 {[%clk 0:00:04]} 59. Rxd6+ {[%clk 0:00:11]} Kc3
{[%clk 0:00:04]} 60. Rc6+ {[%clk 0:00:11]} Kd3 {[%clk 0:00:06]} 61. Rd6+
{[%clk 0:00:13]} Ke3 {[%clk 0:00:07]} 62. Re6+ {[%clk 0:00:11]} Kf2
{[%clk 0:00:08]} 63. Kd2 {[%clk 0:00:12]} Ra2+ {[%clk 0:00:09]} 64. Kc3
{[%clk 0:00:11]} e1=Q+ {[%clk 0:00:10]} 65. Kd4 0-1

[Event "Blitz 2018"]
[Site "Saint-Petersburg"]
[Date "2018.12.29"]
[Round "1"]
[Board "29"]
[White "Melkumyan Hrant (ARM)"]
[Black "Yilmaz Mustafa (TUR)"]
[Result "0-1"]
[LiveChessVersion "1.4.8"]
[BlackElo "2515"]
[WhiteElo "2699"]

1. d4 {[%clk 0:03:03]} Nf6 {[%clk 0:03:03]} 2. c4 {[%clk 0:03:03]} e6
{[%clk 0:03:04]} 3. Nf3 {[%clk 0:03:04]} c5 {[%clk 0:03:05]} 4. e3
{[%clk 0:03:03]} a6 {[%clk 0:03:04]} 5. Nc3 {[%clk 0:03:01]} d5 {[%clk 0:03:04]}
6. a3 {[%clk 0:02:52]} dxc4 {[%clk 0:03:02]} 7. Bxc4 {[%clk 0:02:53]} b5
{[%clk 0:03:02]} 8. Ba2 {[%clk 0:02:53]} Bb7 {[%clk 0:03:03]} 9. O-O
{[%clk 0:02:53]} Nbd7 {[%clk 0:03:02]} 10. Qe2 {[%clk 0:02:48]} Qb8
{[%clk 0:02:32]} 11. Rd1 {[%clk 0:02:46]} Bd6 {[%clk 0:02:25]} 12. h3
{[%clk 0:01:54]} O-O {[%clk 0:02:25]} 13. dxc5 {[%clk 0:01:52]} Nxc5
{[%clk 0:02:22]} 14. b4 {[%clk 0:01:53]} Ncd7 {[%clk 0:01:50]} 15. Bb2
{[%clk 0:01:53]} Rc8 {[%clk 0:01:46]} 16. Rac1 {[%clk 0:01:45]} Ne5
{[%clk 0:01:40]} 17. Nxe5 {[%clk 0:01:35]} Bxe5 {[%clk 0:01:40]} 18. Bb1
{[%clk 0:01:28]} Bc6 {[%clk 0:01:19]} 19. Rd2 {[%clk 0:01:22]} Ra7
{[%clk 0:01:20]} 20. f4 {[%clk 0:01:19]} Bc7 {[%clk 0:01:12]} 21. Rcd1
{[%clk 0:01:18]} Bb6 {[%clk 0:01:13]} 22. Kh1 {[%clk 0:01:15]} Rac7
{[%clk 0:01:13]} 23. e4 {[%clk 0:00:52]} Bb7 {[%clk 0:01:06]} 24. Rd3
{[%clk 0:00:37]} Rc4 {[%clk 0:00:37]} 25. Rg3 {[%clk 0:00:36]} Qxf4
{[%clk 0:00:30]} 26. Rf3 {[%clk 0:00:38]} Qh4 {[%clk 0:00:28]} 27. Qe1
{[%clk 0:00:16]} Qxe1+ {[%clk 0:00:27]} 28. Rxe1 {[%clk 0:00:16]} Bd4
{[%clk 0:00:28]} 29. Nd1 {[%clk 0:00:09]} Bxb2 {[%clk 0:00:17]} 30. Nxb2
{[%clk 0:00:10]} Rc1 {[%clk 0:00:19]} 31. Rff1 {[%clk 0:00:11]} Rxe1
{[%clk 0:00:14]} 32. Rxe1 {[%clk 0:00:12]} Rc3 {[%clk 0:00:16]} 33. e5
{[%clk 0:00:08]} Nd5 {[%clk 0:00:15]} 34. Nd3 {[%clk 0:00:09]} Rxa3
{[%clk 0:00:15]} 35. Rc1 {[%clk 0:00:06]} Rc3 {[%clk 0:00:16]} 36. Rd1
{[%clk 0:00:07]} Kf8 {[%clk 0:00:17]} 37. Kh2 {[%clk 0:00:06]} Ke7
{[%clk 0:00:18]} 38. Rd2 {[%clk 0:00:06]} Rc4 {[%clk 0:00:14]} 39. Rb2
{[%clk 0:00:04]} Ne3 {[%clk 0:00:09]} 40. Nc5 {[%clk 0:00:03]} Bxg2
{[%clk 0:00:09]} 41. Nxa6 {[%clk 0:00:03]} Bd5 {[%clk 0:00:07]} 42. Bd3
{[%clk 0:00:04]} Rc3 {[%clk 0:00:09]} 43. Bxb5 {[%clk 0:00:05]} Rc1
{[%clk 0:00:06]} 44. Nc5 {[%clk 0:00:05]} h5 {[%clk 0:00:07]} 45. Be2
{[%clk 0:00:05]} h4 {[%clk 0:00:08]} 46. Bf3 {[%clk 0:00:03]} Bxf3
{[%clk 0:00:09]} 0-1

[Event "Blitz 2018"]
[Site "Saint-Petersburg"]
[Date "2018.12.29"]
[Round "1"]
[Board "31"]
[White "Vitiugov Nikita (RUS)"]
[Black "Zubritskiy Artyom (RUS)"]
[Result "1-0"]
[LiveChessVersion "1.4.8"]
[BlackElo "2513"]
[WhiteElo "2696"]

1. d4 {[%clk 0:03:02]} d5 {[%clk 0:03:03]} 2. c4 {[%clk 0:03:03]} dxc4
{[%clk 0:03:04]} 3. Nf3 {[%clk 0:03:03]} Nf6 {[%clk 0:03:03]} 4. e3
{[%clk 0:03:04]} Bg4 {[%clk 0:02:55]} 5. Bxc4 {[%clk 0:03:02]} e6
{[%clk 0:02:56]} 6. Nc3 {[%clk 0:02:48]} a6 {[%clk 0:02:44]} 7. h3
{[%clk 0:02:43]} Bh5 {[%clk 0:02:44]} 8. g4 {[%clk 0:02:37]} Bg6 {[%clk 0:02:46]}
9. Ne5 {[%clk 0:02:34]} Nbd7 {[%clk 0:02:41]} 10. Nxg6 {[%clk 0:02:34]} hxg6
{[%clk 0:02:41]} 11. Qf3 {[%clk 0:02:28]} c6 {[%clk 0:02:31]} 12. Bb3
{[%clk 0:02:19]} Qb6 {[%clk 0:01:39]} 13. Bd2 {[%clk 0:02:17]} Be7
{[%clk 0:01:17]} 14. O-O-O {[%clk 0:02:04]} Nd5 {[%clk 0:01:10]} 15. Kb1
{[%clk 0:01:56]} Rf8 {[%clk 0:00:56]} 16. Ne2 {[%clk 0:01:37]} a5
{[%clk 0:00:49]} 17. e4 {[%clk 0:01:23]} Nb4 {[%clk 0:00:34]} 18. a3
{[%clk 0:01:05]} a4 {[%clk 0:00:27]} 19. Bc4 {[%clk 0:01:06]} Na6
{[%clk 0:00:24]} 20. Rc1 {[%clk 0:00:59]} Nc7 {[%clk 0:00:18]} 21. Ka1
{[%clk 0:00:51]} Nb5 {[%clk 0:00:17]} 22. Qd3 {[%clk 0:00:43]} Nd6
{[%clk 0:00:13]} 23. Ba2 {[%clk 0:00:44]} Qa6 {[%clk 0:00:13]} 24. Qxa6
{[%clk 0:00:42]} Rxa6 {[%clk 0:00:14]} 25. f3 {[%clk 0:00:40]} Nb5
{[%clk 0:00:10]} 26. h4 {[%clk 0:00:39]} Nb6 {[%clk 0:00:09]} 27. h5
{[%clk 0:00:39]} gxh5 {[%clk 0:00:10]} 28. Rxh5 {[%clk 0:00:39]} Kd7
{[%clk 0:00:06]} 29. Rh7 {[%clk 0:00:38]} g6 {[%clk 0:00:07]} 30. Be3
{[%clk 0:00:37]} Ke8 {[%clk 0:00:06]} 31. f4 {[%clk 0:00:34]} Nd6
{[%clk 0:00:05]} 32. Ng3 {[%clk 0:00:35]} Kd7 {[%clk 0:00:04]} 33. e5
{[%clk 0:00:33]} Nb5 {[%clk 0:00:05]} 34. f5 {[%clk 0:00:34]} gxf5
{[%clk 0:00:06]} 35. gxf5 {[%clk 0:00:35]} Nd5 {[%clk 0:00:06]} 36. Bxd5
{[%clk 0:00:34]} cxd5 {[%clk 0:00:07]} 37. f6 {[%clk 0:00:33]} Bd8
{[%clk 0:00:05]} 38. Bh6 {[%clk 0:00:33]} Rg8 {[%clk 0:00:05]} 39. Rxf7+
{[%clk 0:00:32]} Ke8 {[%clk 0:00:07]} 40. Rh7 {[%clk 0:00:31]} 1-0

[Event "Blitz 2018"]
[Site "Saint-Petersburg"]
[Date "2018.12.29"]
[Round "1"]
[Board "33"]
[White "Kovalenko Igor (LAT)"]
[Black "Carlsson Pontus (SWE)"]
[Result "1-0"]
[LiveChessVersion "1.4.8"]
[BlackElo "2511"]
[WhiteElo "2693"]

1. d4 {[%clk 0:03:03]} Nf6 {[%clk 0:03:02]} 2. Nf3 {[%clk 0:03:04]} e6
{[%clk 0:03:03]} 3. e3 {[%clk 0:03:05]} b6 {[%clk 0:03:04]} 4. Bd3
{[%clk 0:03:06]} Bb7 {[%clk 0:03:04]} 5. O-O {[%clk 0:03:07]} c5 {[%clk 0:03:02]}
6. c4 {[%clk 0:03:08]} Be7 {[%clk 0:02:58]} 7. Nc3 {[%clk 0:03:09]} O-O
{[%clk 0:02:47]} 8. d5 {[%clk 0:03:09]} exd5 {[%clk 0:02:48]} 9. cxd5
{[%clk 0:03:10]} d6 {[%clk 0:02:48]} 10. e4 {[%clk 0:03:11]} a6 {[%clk 0:02:43]}
11. a4 {[%clk 0:03:13]} Nbd7 {[%clk 0:02:42]} 12. h3 {[%clk 0:03:13]} Re8
{[%clk 0:02:39]} 13. Bf4 {[%clk 0:03:13]} Bf8 {[%clk 0:02:39]} 14. Re1
{[%clk 0:03:11]} g6 {[%clk 0:02:25]} 15. Bh2 {[%clk 0:03:06]} Qc7
{[%clk 0:02:07]} 16. Nd2 Rab8 17. b3 {[%clk 0:03:02]} Nh5 {[%clk 0:01:43]} 18.
Be2 {[%clk 0:02:52]} Bg7 {[%clk 0:01:18]} 19. Qc2 {[%clk 0:02:51]} Be5
{[%clk 0:00:38]} 20. Bxh5 {[%clk 0:02:50]} Bxh2+ {[%clk 0:00:37]} 21. Kxh2
{[%clk 0:02:51]} gxh5 {[%clk 0:00:38]} 22. Re3 {[%clk 0:02:46]} Kh8
{[%clk 0:00:22]} 23. Nf1 {[%clk 0:02:47]} h4 {[%clk 0:00:19]} 24. Rf3
{[%clk 0:02:41]} Ne5 {[%clk 0:00:20]} 25. Rf5 {[%clk 0:02:25]} Bc8
{[%clk 0:00:20]} 26. Rh5 {[%clk 0:02:26]} Ng6 {[%clk 0:00:17]} 27. Qd2
{[%clk 0:02:27]} f6 {[%clk 0:00:16]} 28. Ne3 {[%clk 0:02:17]} Qg7
{[%clk 0:00:17]} 29. Rg1 {[%clk 0:02:09]} Re5 {[%clk 0:00:15]} 30. Qd1
{[%clk 0:02:06]} Rxh5 {[%clk 0:00:12]} 31. Qxh5 {[%clk 0:02:07]} b5
{[%clk 0:00:12]} 32. axb5 {[%clk 0:02:05]} axb5 {[%clk 0:00:13]} 33. Nf5
{[%clk 0:01:13]} Bxf5 {[%clk 0:00:13]} 34. exf5 {[%clk 0:01:14]} Nf4
{[%clk 0:00:11]} 35. Qxh4 {[%clk 0:01:12]} Qg5 {[%clk 0:00:08]} 36. Qxg5 fxg5
{[%clk 0:00:09]} 37. Rd1 {[%clk 0:01:04]} b4 {[%clk 0:00:07]} 38. Ne4
{[%clk 0:01:05]} Rb6 {[%clk 0:00:05]} 1-0

[Event "Blitz 2018"]
[Site "Saint-Petersburg"]
[Date "2018.12.29"]
[Round "1"]
[Board "34"]
[White "Anikonov Dmitry (RUS)"]
[Black "Zhigalko Sergei (BLR)"]
[Result "1/2-1/2"]
[LiveChessVersion "1.4.8"]
[BlackElo "2693"]
[WhiteElo "2511"]

1. d4 {[%clk 0:03:03]} Nf6 {[%clk 0:03:03]} 2. c4 {[%clk 0:03:05]} e6
{[%clk 0:03:04]} 3. g3 {[%clk 0:03:06]} c5 {[%clk 0:03:05]} 4. d5
{[%clk 0:03:07]} exd5 {[%clk 0:03:07]} 5. cxd5 {[%clk 0:03:08]} d6
{[%clk 0:03:08]} 6. Nc3 {[%clk 0:03:09]} g6 {[%clk 0:03:09]} 7. Bg2
{[%clk 0:03:10]} Bg7 {[%clk 0:03:10]} 8. Nf3 {[%clk 0:03:11]} O-O
{[%clk 0:03:10]} 9. O-O {[%clk 0:03:11]} Re8 {[%clk 0:03:09]} 10. Bf4
{[%clk 0:03:12]} a6 {[%clk 0:03:04]} 11. a4 {[%clk 0:03:13]} Nh5 {[%clk 0:03:01]}
12. Bg5 {[%clk 0:03:06]} Qc7 {[%clk 0:03:02]} 13. Re1 {[%clk 0:02:47]} h6
{[%clk 0:02:58]} 14. Bd2 {[%clk 0:02:48]} Nd7 {[%clk 0:02:59]} 15. e4
{[%clk 0:02:41]} Rb8 {[%clk 0:02:51]} 16. Bf1 {[%clk 0:02:35]} Nhf6
{[%clk 0:02:47]} 17. Rc1 {[%clk 0:02:28]} b6 {[%clk 0:02:29]} 18. h3
{[%clk 0:02:11]} Bb7 {[%clk 0:02:30]} 19. Kh2 {[%clk 0:02:08]} Re7
{[%clk 0:02:06]} 20. Qc2 {[%clk 0:01:35]} Rbe8 {[%clk 0:02:07]} 21. Bg2
{[%clk 0:01:34]} Qb8 {[%clk 0:02:01]} 22. Bf4 {[%clk 0:01:32]} Nh5
{[%clk 0:02:02]} 23. Be3 {[%clk 0:01:30]} b5 {[%clk 0:01:43]} 24. axb5
{[%clk 0:01:22]} axb5 {[%clk 0:01:44]} 25. Nxb5 {[%clk 0:01:09]} Rxe4
{[%clk 0:01:45]} 26. Nc3 {[%clk 0:01:09]} Rb4 {[%clk 0:01:41]} 27. Qd2
{[%clk 0:00:59]} Kh7 {[%clk 0:01:35]} 28. g4 {[%clk 0:00:52]} Nhf6
{[%clk 0:01:35]} 29. Bf4 {[%clk 0:00:52]} Ba8 {[%clk 0:01:04]} 30. Rxe8
{[%clk 0:00:52]} Nxe8 {[%clk 0:01:05]} 31. Rc2 {[%clk 0:00:49]} Nb6
{[%clk 0:00:59]} 32. Bg3 {[%clk 0:00:36]} Nc4 {[%clk 0:00:56]} 33. Qe2
{[%clk 0:00:37]} Nxb2 {[%clk 0:00:50]} 34. g5 {[%clk 0:00:32]} h5
{[%clk 0:00:31]} 35. Nh4 {[%clk 0:00:31]} Na4 {[%clk 0:00:21]} 36. Ne4
{[%clk 0:00:30]} Qd8 {[%clk 0:00:18]} 37. Rd2 {[%clk 0:00:26]} Nc3
{[%clk 0:00:16]} 38. Nxc3 {[%clk 0:00:27]} Bxc3 {[%clk 0:00:16]} 39. Rd3
{[%clk 0:00:28]} Be5 {[%clk 0:00:09]} 40. Rf3 {[%clk 0:00:17]} Rxh4
{[%clk 0:00:05]} 41. Bxe5 {[%clk 0:00:12]} dxe5 {[%clk 0:00:06]} 42. Qxe5
{[%clk 0:00:08]} Qd6 {[%clk 0:00:04]} 43. Rxf7+ {[%clk 0:00:08]} Kg8
{[%clk 0:00:06]} 44. Qxd6 {[%clk 0:00:09]} Nxd6 {[%clk 0:00:07]} 45. Rd7
{[%clk 0:00:11]} Nf7 {[%clk 0:00:04]} 46. Ra7 {[%clk 0:00:11]} Nxg5
{[%clk 0:00:03]} 47. Rxa8+ {[%clk 0:00:12]} Kg7 {[%clk 0:00:04]} 48. Ra7+
{[%clk 0:00:13]} Kf6 {[%clk 0:00:05]} 49. d6 {[%clk 0:00:15]} Rd4
{[%clk 0:00:06]} 50. d7 {[%clk 0:00:16]} Ne6 {[%clk 0:00:04]} 51. Bc6
{[%clk 0:00:16]} Nd8 {[%clk 0:00:04]} 52. Bb5 {[%clk 0:00:18]} Ke7
{[%clk 0:00:04]} 53. Ra6 {[%clk 0:00:19]} Rd6 {[%clk 0:00:06]} 54. Ra4
{[%clk 0:00:19]} Rd4 {[%clk 0:00:04]} 55. Ra6 {[%clk 0:00:20]} Rd6
{[%clk 0:00:05]} 56. Ra3 {[%clk 0:00:21]} Rb6 {[%clk 0:00:05]} 57. Ba4
{[%clk 0:00:20]} Rb4 {[%clk 0:00:04]} 58. Re3+ {[%clk 0:00:19]} Kd6
{[%clk 0:00:06]} 59. Bc2 {[%clk 0:00:15]} Kxd7 {[%clk 0:00:04]} 60. Bxg6
{[%clk 0:00:16]} h4 {[%clk 0:00:05]} 61. Bf5+ {[%clk 0:00:15]} Kc7
{[%clk 0:00:04]} 62. Re7+ {[%clk 0:00:15]} Kc6 {[%clk 0:00:04]} 63. Bg4
{[%clk 0:00:13]} Rd4 {[%clk 0:00:03]} 64. Bf3+ {[%clk 0:00:11]} Kd6
{[%clk 0:00:05]} 65. Rh7 {[%clk 0:00:13]} c4 {[%clk 0:00:05]} 66. Rh6+
{[%clk 0:00:11]} Kc5 {[%clk 0:00:06]} 67. Rh5+ {[%clk 0:00:13]} Kb4
{[%clk 0:00:07]} 68. Bg4 {[%clk 0:00:05]} c3 {[%clk 0:00:07]} 69. Bf5
{[%clk 0:00:07]} Nc6 {[%clk 0:00:04]} 70. Rh6 {[%clk 0:00:07]} Ne5
{[%clk 0:00:05]} 71. Kg2 {[%clk 0:00:07]} Kb3 {[%clk 0:00:04]} 72. Rb6+
{[%clk 0:00:08]} Rb4 {[%clk 0:00:05]} 73. Re6 {[%clk 0:00:09]} Rb5
{[%clk 0:00:05]} 74. f4 {[%clk 0:00:09]} Nc4 {[%clk 0:00:05]} 75. Be4
{[%clk 0:00:09]} c2 {[%clk 0:00:05]} 76. Bxc2+ Kxc2 {[%clk 0:00:07]} 77. Kf3
{[%clk 0:00:10]} Kd3 {[%clk 0:00:04]} 78. Kg4 {[%clk 0:00:11]} Ne3+
{[%clk 0:00:05]} 79. Kxh4 {[%clk 0:00:10]} Rf5 {[%clk 0:00:05]} 80. Kg3
{[%clk 0:00:09]} Rf8 {[%clk 0:00:05]} 81. Re5 {[%clk 0:00:10]} Kd4
{[%clk 0:00:06]} 82. Re6 {[%clk 0:00:09]} Nd5 {[%clk 0:00:07]} 83. Ra6
{[%clk 0:00:09]} Nxf4 {[%clk 0:00:06]} 84. Ra4+ {[%clk 0:00:10]} Ke5 85. Ra5+ Kd6
{[%clk 0:00:07]} 86. Ra6+ {[%clk 0:00:13]} Kc5 {[%clk 0:00:07]} 87. Ra5+
{[%clk 0:00:14]} Kb6 {[%clk 0:00:09]} 88. Ra4 {[%clk 0:00:14]} Nd5
{[%clk 0:00:09]} 89. h4 {[%clk 0:00:14]} Kc6 {[%clk 0:00:09]} 90. Ra6+
{[%clk 0:00:12]} Kd7 {[%clk 0:00:10]} 91. h5 {[%clk 0:00:11]} Ke7
{[%clk 0:00:09]} 92. Kg4 {[%clk 0:00:11]} Kf7 {[%clk 0:00:10]} 93. Kg5
{[%clk 0:00:09]} Rg8+ {[%clk 0:00:11]} 94. Kf5 {[%clk 0:00:10]} Ne7+
{[%clk 0:00:12]} 95. Kf4 {[%clk 0:00:11]} Rg1 {[%clk 0:00:12]} 96. h6
{[%clk 0:00:08]} Rh1 {[%clk 0:00:12]} 97. Kg5 {[%clk 0:00:09]} Rh2
{[%clk 0:00:13]} 98. Rf6+ {[%clk 0:00:09]} Kg8 {[%clk 0:00:10]} 99. Ra6
{[%clk 0:00:10]} Rg2+ {[%clk 0:00:10]} 100. Kf4 {[%clk 0:00:11]} Ng6+
{[%clk 0:00:10]} 101. Kf5 {[%clk 0:00:10]} Nh4+ {[%clk 0:00:10]} 102. Kf4
{[%clk 0:00:09]} Kh7 {[%clk 0:00:11]} 103. Ra7+ {[%clk 0:00:08]} Kxh6
{[%clk 0:00:11]} 104. Ra8 {[%clk 0:00:09]} Ng6+ {[%clk 0:00:11]} 105. Kf5
{[%clk 0:00:10]} Rf2+ {[%clk 0:00:11]} 106. Ke4 {[%clk 0:00:12]} Kg5
{[%clk 0:00:12]} 107. Rg8 {[%clk 0:00:11]} Kf6 {[%clk 0:00:12]} 108. Ra8
{[%clk 0:00:12]} Rf4+ {[%clk 0:00:13]} 109. Ke3 {[%clk 0:00:13]} Rb4
{[%clk 0:00:13]} 110. Ra5 {[%clk 0:00:13]} Ne5 {[%clk 0:00:14]} 111. Ra8
{[%clk 0:00:14]} Nd7 {[%clk 0:00:09]} 112. Ra6+ {[%clk 0:00:15]} Ke5
{[%clk 0:00:09]} 113. Ra5+ {[%clk 0:00:16]} Kd6 {[%clk 0:00:10]} 114. Ra8
{[%clk 0:00:17]} Nc5 {[%clk 0:00:10]} 115. Rh8 {[%clk 0:00:17]} Re4+
{[%clk 0:00:10]} 116. Kf3 {[%clk 0:00:18]} Re7 {[%clk 0:00:10]} 117. Rh5
{[%clk 0:00:17]} Nd3 {[%clk 0:00:11]} 118. Ra5 {[%clk 0:00:17]} Ne5+
{[%clk 0:00:12]} 119. Kf4 {[%clk 0:00:17]} Nc6 {[%clk 0:00:09]} 120. Ra8
{[%clk 0:00:17]} Kd5 {[%clk 0:00:10]} 121. Ra1 {[%clk 0:00:13]} Re4+
{[%clk 0:00:09]} 122. Kf3 {[%clk 0:00:11]} Ne5+ {[%clk 0:00:09]} 123. Kf2
{[%clk 0:00:12]} Rb4 {[%clk 0:00:08]} 124. Rd1+ {[%clk 0:00:09]} Ke4
{[%clk 0:00:09]} 125. Rd8 {[%clk 0:00:07]} Rb2+ {[%clk 0:00:08]} 126. Kg3
{[%clk 0:00:08]} Rc2 {[%clk 0:00:10]} 127. Ra8 {[%clk 0:00:07]} Rc3+
{[%clk 0:00:10]} 128. Kg2 {[%clk 0:00:08]} Ng6 {[%clk 0:00:07]} 129. Ra4+
{[%clk 0:00:08]} Kf5 {[%clk 0:00:08]} 130. Ra8 {[%clk 0:00:08]} Kf4
{[%clk 0:00:08]} 131. Ra4+ {[%clk 0:00:08]} Kg5 {[%clk 0:00:09]} 132. Ra8
{[%clk 0:00:08]} Kg4 {[%clk 0:00:09]} 133. Kf2 {[%clk 0:00:08]} Rd3
{[%clk 0:00:09]} 134. Rb8 {[%clk 0:00:08]} Ra3 {[%clk 0:00:06]} 135. Rc8
{[%clk 0:00:09]} Ne7 {[%clk 0:00:05]} 136. Rb8 {[%clk 0:00:10]} Nd5
{[%clk 0:00:05]} 137. Ke2 {[%clk 0:00:08]} Kf4 {[%clk 0:00:06]} 138. Rf8+
{[%clk 0:00:07]} Ke4 {[%clk 0:00:07]} 139. Re8+ {[%clk 0:00:09]} Kd4
{[%clk 0:00:08]} 140. Kf2 {[%clk 0:00:09]} Nf6 {[%clk 0:00:10]} 141. Rb8
{[%clk 0:00:08]} Ke5 {[%clk 0:00:10]} 142. Ke2 {[%clk 0:00:07]} Kf4
{[%clk 0:00:08]} 143. Rf8 {[%clk 0:00:07]} Ke5 {[%clk 0:00:08]} 144. Rb8
{[%clk 0:00:08]} Kd4 {[%clk 0:00:09]} 145. Rb4+ {[%clk 0:00:08]} Kd5
{[%clk 0:00:09]} 146. Rb8 {[%clk 0:00:08]} Rh3 {[%clk 0:00:08]} 147. Ra8
{[%clk 0:00:10]} Kd4 {[%clk 0:00:08]} 148. Ra4+ {[%clk 0:00:10]} Ke5
{[%clk 0:00:09]} 149. Ra8 {[%clk 0:00:11]} Nd5 {[%clk 0:00:10]} 150. Re8+
{[%clk 0:00:08]} Kd4 {[%clk 0:00:11]} 151. Ra8 {[%clk 0:00:10]} Rh2+
{[%clk 0:00:09]} 152. Kf3 {[%clk 0:00:11]} Rh7 {[%clk 0:00:07]} 153. Ra4+
{[%clk 0:00:12]} Ke5 {[%clk 0:00:08]} 154. Ra8 {[%clk 0:00:13]} Rf7+
{[%clk 0:00:08]} 155. Ke2 {[%clk 0:00:14]} Kd4 {[%clk 0:00:08]} 156. Ra4+
{[%clk 0:00:14]} Kc5 {[%clk 0:00:08]} 157. Ra8 {[%clk 0:00:15]} Kc4
{[%clk 0:00:09]} 158. Ra4+ {[%clk 0:00:16]} Kb3 {[%clk 0:00:09]} 159. Ra8
{[%clk 0:00:17]} Re7+ {[%clk 0:00:11]} 160. Kf3 {[%clk 0:00:18]} Rf7+
{[%clk 0:00:10]} 161. Ke4 {[%clk 0:00:19]} Nc3+ {[%clk 0:00:11]} 162. Ke3
{[%clk 0:00:20]} Kc4 {[%clk 0:00:10]} 163. Rc8+ {[%clk 0:00:21]} Kb4
{[%clk 0:00:11]} 164. Ra8 {[%clk 0:00:20]} Re7+ {[%clk 0:00:11]} 165. Kf3
{[%clk 0:00:21]} Nd5 {[%clk 0:00:11]} 166. Rc8 {[%clk 0:00:21]} Kb5
{[%clk 0:00:10]} 167. Ke4 1/2-1/2